Luxembourg Quiz - Statistiques

Statistiques générales
  • Ce quiz a été pris 99 fois
  • Le résultat moyen est 9 sur 12
Statistiques - réponses
Question Réponse % Correct
Quelle est la capitale du Luxembourg Luxembourg
100%
Le Luxembourg se situe …. Europe
98%
Quelle est la langue nationale de ce pays Luxembourgeois, Français et Allemand
98%
Quels sont les pays frontaliers du Luxembourg ? Allemagne, France et Belgique
96%
Quelle est la monnaie (devise) du Luxembourg? Euro
94%
Lors de la 1ère et 2ème guerre mondiale, par qui le Luxembourg a été envahi ? Allemagne
93%
Le Benelux est composé de … Belgique, Pays-Bas et Luxembourg
85%
Le Luxembourg est un(e) ….. Monarchie
85%
Comment s’appelle la région du Nord de Luxembourg Oesling
57%
Qui est actuellement le premier ministre (2024) Luc Frieden
44%
Depuis quand le Luxembourg fait partie de l’OTAN ? 1949
26%
Depuis quand le Luxembourg fait partie de l’Union Européenne ? 1951
17%
Aucun quiz correspondant
Distribution des résultats
% des personnes avec chaque résultat
Percentile par nombre de réponses
Votre historique - résultats
Vous n’avez pas pris ce quiz